| 000 | 00414nam a2200181Ia 4500 | ||
|---|---|---|---|
| 001 | 1936 | ||
| 005 | 20260306143805.0 | ||
| 008 | 260306t1996||||xx |||||||||||||| ||spa|| | ||
| 041 | _aESP | ||
| 082 |
_a158.1 _bV23 |
||
| 100 |
_aVallejo-Nágera, J. A. _eAUT |
||
| 245 | 0 | _aConócete a ti mismo | |
| 260 | _c1996 | ||
| 300 |
_a172 páginas : _ccm. |
||
| 650 | _aGEN | ||
| 654 | _aCPS | ||
| 942 |
_cLIB _dJUS _fJUS _2ddc _n |
||
| 999 |
_c1936 _d1936 |
||